Normal view
MARC view
Entry Geographic Name
001 - CONTROL NUMBER
- control field: 31920
003 - CONTROL NUMBER IDENTIFIER
- control field: ARRUPE
005 - DATE AND TIME OF LATEST TRANSACTION
- control field: 20170601120151.0
008 - FIXED-LENGTH DATA ELEMENTS
- fixed length control field: 170601|| aca||aabn | a|a d
040 ## - CATALOGING SOURCE
- Original cataloging agency: ARRUPE
- Transcribing agency: ARRUPE
151 ## - HEADING--GEOGRAPHIC NAME
- Geographic name: Zimbabwe
- General subdivision: History
- Chronological subdivision: Chimurenga War, 1966-1980
- Form subdivision: Personal narratives, British.
670 ## - SOURCE DATA FOUND
- Source citation: Work cat.: (ARRUPE)58031: Fuller, Alexandra, 1969- 31917, Don't let's go to the dogs tonight :, c2001.